LEADER 01261nam a2200265 a 4500 001 000000155299 003 CaOOAMICUS 005 20161019140214.0 008 161019s1956 it u000 u ita r 032 $aLibriCat 040 $aPUL$bita 100 1 $aCordero, Franco.$0(OLS)http://pul/name/28766 245 13$aLe situazioni soggettive nel processo penale : $bstudi sulle dottrine generali del processo penale / $cFranco Cordero . 260 $aTorino :$bGiappichelli,$c1956. 300 $a294 p. ;$c25 cm. 490 1 $aUniversitą di Torino. Memorie dell'Istituto giuridico. Serie II ;$v95 504 $aContiene riferimenti bibliografici. 650 04$aProcedura penale.$0(OLS)http://pul/subject/9185 830 0$aMemorie dell'Istituto giuridico (Universitą di Torino).$nSerie II ;$v95.$0(OLS)http://pul/title/2705 850 $aPUL 852 $aPUL$W1$xDP1 Cons. Gen., Altre Classi 1$y22$m1039 F 2.95$j178363$qStampati$B181581$CPULBib$Z2$F181581 $H18890 $81 941 1 $a8 996 $6245$aLe situazioni soggettive nel processo penale : $bstudi sulle dottrine generali del processo penale / $9(OLS)http://pul/title/194945 996 $6260$aTorino :$bGiappichelli$9(OLS)http://pul/publisher/48244 LEADER 01542nam a2200313 a 4500 001 000000131337 003 CaOOAMICUS 005 20240306171650.0 008 121115s2012 vc u000 u ita r 020 $a978-88-465-0825-6 032 $aLibriCat 040 $aPUL$bita 082 04$a262.9 111 2 $aGiornata canonistica interdisciplinare$n(06 :$d2011 :$cRoma).$0(OLS)http://pul/name/84384 245 10$aDecidere e giudicare nella Chiesa :$batti della VI giornata canonistica interdisciplinare /$cPaolo Gherri (ed.) 260 $aCittą del Vaticano :$bLateran University Press,$c©2012. 300 $a412 p. ;$c24 cm. 500 $aSul risguardo della coperta post.: Atti della 6. giornata canonistica interdisciplinare (8-9 marzo 2011). 504 $aInclude riferimenti bibliografici ed indice. 650 4$aDiritto canonico$xCongressi.$0(OLS)http://pul/subject/2389 700 1 $aGherri, Paolo,$csacerdote,$d1964-$0(OLS)http://pul/name/49368 850 $aPUL 852 $aPUL$W1$xSL Diritto Canonico 3$y77$m262. 9 GHEPA 6$j151634$qDDC 21$q $B150530$CPULBib$Z2$F150530 $H121226 $81 941 1 $a9 996 $6020$a978-88-465-0825-6$9(OLS)http://pul/number/151039 996 $6082$a262.9$9(OLS)http://pul/classification/369 996 $6245$aDecidere e giudicare nella Chiesa :$batti della VI giornata canonistica interdisciplinare$9(OLS)http://pul/title/165907 996 $6260$aCittą del Vaticano :$bLateran University Press$9(OLS)http://pul/publisher/74585